[Event "Budapest Spring Festival 2019"]
[Site "Budapest"]
[Date "2019.04.12"]
[Round "4.12"]
[White "Sedlak, Nikola"]
[Black "Borhy, Marcell"]
[Result "0-1"]
[WhiteElo "2598"]
[BlackElo "2237"]
[Annotator "TA"]
[PlyCount "88"]
[EventDate "2019.04.09"]
[EventType "swiss"]
[EventCountry "HUN"]
[SourceTitle "playchess.com"]
[Source "ChessBase"]
[SourceQuality "1"]

{[%evp 13,88,-26,45,-12,-17,-14,-12,-12,-20,-11,0,0,0,0,0,-15,0,-59,-48,-53,-50,-73,-59,-63,-56,-110,-82,-85,-37,-47,-24,-38,-45,-115,-89,-114,-64,-105,-62,-54,-60,-60,-62,-66,-70,-85,-75,-116,-114,-102,-110,-119,-119,-133,-131,-131,-131,-131,-131,-166,-139,-168,-131,-182,-176,-223,-236,-247,-251,-269,-262,-275,-274,-394,-394,-406,-402]} 1. d4 d5 2. Nf3 Nf6 3. g3 c6 4. Bg2 Bf5 5. O-O e6 6. c4 Nbd7 7. Nc3 Be7 (7... dxc4 $11 8. Ne5 Nxe5 9. dxe5 Qxd1 10. Rxd1 Nd5) 8. Re1 {D11: Slav Defence: 3 Nf3 sidelines and 3...Nf6 4 e3 Bg4} ({White should play} 8. Nh4 $14) (8. Qb3 Qb6 9. c5 Qxb3 10. axb3 O-O 11. b4 a6 12. Nd2 Bc2 13. Nf3 Rac8 14. Bf4 h6 15. h3 g5 16. Bd2 Bg6 17. Rfd1 Ne4 18. Be1 Bf6 19. e3 {½-½ (44) Mchedlishvili,M (2625)-Zhigalko,S (2656) Sestao 2010}) 8... O-O $11 9. Qb3 Qb6 10. c5 $146 {The position is equal.} ({Predecessor:} 10. Bf4 h6 11. h4 Rfe8 12. Rac1 Bh7 13. Na4 Qxb3 14. axb3 Ne4 15. Red1 g5 16. hxg5 hxg5 {0-1 (69) Turan,A (2024)-Nesterov,A (2388) Batumi 2018}) 10... Qxb3 11. axb3 Ne4 12. b4 a6 13. h3 h6 14. g4 (14. h4 {seems wilder.} Rfe8 15. Rd1 Rad8 16. Be3 Bg4 17. Re1) 14... Bh7 15. Nd2 (15. Bf4 $11) 15... Nxd2 $15 16. Bxd2 Bf6 17. e3 e5 18. Ne2 e4 19. Nc3 (19. Rf1 $15) 19... Bh4 20. Rf1 Rae8 21. b5 axb5 22. Ra7 $1 Rb8 23. Ne2 (23. Nxb5 $15 cxb5 24. c6 $1 {[%mdl 512]}) 23... Bd8 24. Rfa1 Bc7 25. Ba5 Rfc8 26. Bxc7 Rxc7 27. h4 g5 28. hxg5 hxg5 29. Nc3 f5 30. Bf1 Nf6 ({Much worse is} 30... fxg4 $6 31. Bxb5 Nf6 32. Be2 $11) 31. gxf5 Bxf5 32. R1a6 Kg7 33. b4 Rf7 34. Ra8 bxa6 35. Rxb8 {[#]} Ra7 $1 36. Na2 Bd7 37. Rb6 Ra8 38. Nc1 (38. Be2 $17) 38... a5 $19 39. bxa5 Rxa5 40. Ne2 Kf8 41. Kg2 {[#]} Ke7 $1 42. Nc3 Ra3 43. Bxb5 (43. Ne2 $142) 43... cxb5 44. Nxb5 Rb3 {Accuracy: White = 44%, Black = 80%.} 0-1

[Event "Budapest Spring Festival 2019"]
[Site "Budapest"]
[Date "2019.04.12"]
[Round "4.13"]
[White "Ter-Sahakyan, Samvel"]
[Black "Szeberenyi, Adam"]
[Result "1-0"]
[WhiteElo "2601"]
[BlackElo "2392"]
[Annotator "TA"]
[PlyCount "43"]
[EventDate "2019.04.09"]
[EventType "swiss"]
[EventCountry "HUN"]
[SourceTitle "playchess.com"]
[Source "ChessBase"]
[SourceQuality "1"]

{[%evp 9,43,50,56,49,61,27,31,33,32,27,27,27,33,26,39,4,19,3,14,14,45,24,160,157,216,210,194,206,293,267,284,287,432,406,483,488]} 1. e4 d5 2. exd5 Qxd5 3. Nc3 Qd6 4. d4 Nf6 5. Nf3 g6 6. Nb5 {B01: Scandinavian Defence} Qb6 7. c4 c6 8. Nc3 {White is slightly better.} Bg7 9. Be2 O-O 10. O-O Rd8 11. h3 $36 {[%mdl 2048] White fights for an advantage.} Bf5 12. Qb3 Qxb3 $146 ({Predecessor:} 12... Na6 13. Be3 Qxb3 14. axb3 {1-0 (40) Anand,V (2788)-Kramnik,V (2772) Moscow 2009}) 13. axb3 h5 14. Be3 Ne4 15. Nh4 Bxd4 (15... Nd6 $11) 16. Rfd1 $16 e5 {[#]} (16... c5 $16) 17. g4 $1 $18 {[%cal Rg4f5]} hxg4 18. hxg4 Nxc3 (18... Bxg4 {might work better.} 19. Bxg4 Nf6) 19. bxc3 Bc2 20. Rd2 {[%mdl 64] Pin} (20. cxd4 Bxd1 21. Rxd1 exd4 $16) 20... g5 (20... Bb6 {was worth a try.}) 21. Bxg5 ({Inferior is} 21. Rxc2 Bxe3 22. fxe3 gxh4 $15) ({Don't play} 21. cxd4 gxh4 22. Rxc2 exd4 $18) 21... f6 22. Be3 {[%mdl 64] Pin. Accuracy: White = 80%, Black = 45%.} ({Less strong is} 22. Rxc2 fxg5 23. Nf3 (23. cxd4 gxh4 24. dxe5 Nd7 $16) 23... Bc5 $18) 1-0

[Event "Budapest Spring Festival 2019"]
[Site "Budapest"]
[Date "2019.04.12"]
[Round "4.14"]
[White "Kayonde, Andrew"]
[Black "Hakobyan, Aram"]
[Result "1/2-1/2"]
[WhiteElo "2394"]
[BlackElo "2554"]
[Annotator "ChessBase"]
[PlyCount "49"]
[EventDate "2019.04.09"]
[EventType "swiss"]
[EventCountry "HUN"]
[SourceTitle "playchess.com"]
[Source "ChessBase"]
[SourceQuality "1"]
[TimeControl "40/5400+30:1800+30"]

1. d4 {[%emt 0:05:07]} e6 {[%emt 0:00:21]} 2. c4 {[%emt 0:00:32]} b6 {[%emt 0:00:43]} 3. e4 {[%emt 0:00:29]} Bb7 {[%emt 0:00:16]} 4. Bd3 {[%emt 0:00:18]} Nc6 {[%emt 0:00:16]} 5. Ne2 {[%emt 0:00:17]} g6 {[%emt 0:00:55]} 6. Nbc3 {[%emt 0:02:00]} Bg7 {[%emt 0:00:08]} 7. Be3 {[%emt 0:00:59]} Nge7 {[%emt 0:00:07]} 8. Qd2 {[%emt 0:03:54]} d5 {[%emt 0:00:33]} 9. cxd5 {[%emt 0:01:08]} exd5 {[%emt 0:00:09]} 10. e5 {[%emt 0:00:58]} f6 11. exf6 {[%emt 0:16:39]} Bxf6 {[%emt 0:02:06]} 12. h4 {[%emt 0:00:21]} Qd7 {[%emt 0:05:04]} 13. h5 {[%emt 0:07:07]} O-O-O {[%emt 0:07:38]} 14. hxg6 {[%emt 0:02:17]} hxg6 {[%emt 0:03:08]} 15. O-O-O {[%emt 0:00:09]} Rxh1 {[%emt 0:13:45]} 16. Rxh1 {[%emt 0:00:09]} Nf5 {[%emt 0:00:10]} 17. Bg5 {[%emt 0:06:29]} Rh8 {[%emt 0:09:05]} 18. Rxh8+ {[%emt 0:10:23]} Bxh8 {[%emt 0:02:59]} 19. Qf4 {[%emt 0:01:22]} Bxd4 {[%emt 0:27:46]} 20. Nxd4 {[%emt 0:07:38]} Ncxd4 {[%emt 0:01:14]} 21. Qe5 {[%emt 0:02:22]} Ne6 {[%emt 0:13:23]} 22. Qh8+ {[%emt 0:02:17]} Nd8 {[%emt 0:00:02]} 23. Ne2 {[%emt 0:07:53]} d4 {[%emt 0:07:37]} 24. Nf4 {[%emt 0:01:09]} Nd6 {[%emt 0:00:30]} 25. Bxg6 {[%emt 0:14:31]} 1/2-1/2

[Event "Budapest Spring Festival 2019"]
[Site "Budapest"]
[Date "2019.04.12"]
[Round "4.15"]
[White "Horvath, Adam"]
[Black "Popovics, Adam"]
[Result "1-0"]
[WhiteElo "2533"]
[BlackElo "2375"]
[Annotator "ChessBase"]
[PlyCount "27"]
[EventDate "2019.04.09"]
[EventType "swiss"]
[EventCountry "HUN"]
[SourceTitle "playchess.com"]
[Source "ChessBase"]
[SourceQuality "1"]
[TimeControl "40/5400+30:1800+30"]

1. e4 {[%emt 0:03:37]} e5 {[%emt 0:00:10]} 2. Nf3 {[%emt 0:00:07]} Nc6 {[%emt 0:00:07]} 3. Bb5 {[%emt 0:00:14]} Nf6 {[%emt 0:00:14]} 4. O-O {[%emt 0:07:46]} Nxe4 {[%emt 0:00:05]} 5. d4 {[%emt 0:00:03]} Nd6 {[%emt 0:00:10]} 6. dxe5 {[%emt 0:00:04]} Nxb5 {[%emt 0:00:06]} 7. a4 {[%emt 0:00:05]} Nxe5 {[%emt 0:00:25]} 8. Nxe5 {[%emt 0:14:30]} Nd6 {[%emt 0:00:05]} 9. Re1 {[%emt 0:08:44]} Be7 {[%emt 0:00:23]} 10. Bg5 {[%emt 0:00:04]} Nf5 {[%emt 0:00:06]} 11. Nxf7 {[%emt 0:00:11]} Kxf7 {[%emt 0:00:06]} 12. Qd5+ {[%emt 0:00:05]} Kg6 {[%emt 0:00:07]} 13. g4 {[%emt 0:00:05]} Rf8 {[%emt 0:23:02]} 14. Bxe7 {[%emt 0:07:58]} 1-0

[Event "Budapest Spring Festival 2019"]
[Site "Budapest"]
[Date "2019.04.12"]
[Round "4.16"]
[White "Mehar, Chinna Reddy C.H."]
[Black "Gonda, Laszlo"]
[Result "1/2-1/2"]
[WhiteElo "2348"]
[BlackElo "2527"]
[Annotator "ChessBase"]
[PlyCount "64"]
[EventDate "2019.04.09"]
[EventType "swiss"]
[EventCountry "HUN"]
[SourceTitle "playchess.com"]
[Source "ChessBase"]
[SourceQuality "1"]
[TimeControl "40/5400+30:1800+30"]

1. d4 {[%emt 0:00:48]} Nf6 {[%emt 0:01:48]} 2. Bf4 {[%emt 0:00:16]} b6 {[%emt 0:00:10]} 3. e3 {[%emt 0:00:30]} Bb7 {[%emt 0:00:06]} 4. Nf3 {[%emt 0:00:16]} Nh5 {[%emt 0:01:56]} 5. Bg3 {[%emt 0:02:54]} Nxg3 {[%emt 0:00:39]} 6. hxg3 {[%emt 0:00:07]} g6 {[%emt 0:00:04]} 7. Bd3 {[%emt 0:00:19]} Bg7 {[%emt 0:00:19]} 8. Nbd2 {[%emt 0:00:58]} d6 {[%emt 0:09:42]} 9. Qe2 {[%emt 0:00:43]} Nd7 {[%emt 0:13:02]} 10. e4 {[%emt 0:10:16]} e5 {[%emt 0:03:19]} 11. d5 {[%emt 0:01:07]} a6 {[%emt 0:13:02]} 12. O-O-O {[%emt 0:03:41]} b5 {[%emt 0:02:31]} 13. Nb3 {[%emt 0:01:38]} c5 {[%emt 0:05:53]} 14. c4 {[%emt 0:04:22]} b4 {[%emt 0:05:24]} 15. Kb1 {[%emt 0:01:41]} a5 {[%emt 0:00:07]} 16. Nfd2 {[%emt 0:01:19]} a4 {[%emt 0:04:02]} 17. Nc1 {[%emt 0:00:17]} a3 {[%emt 0:02:12]} 18. b3 {[%emt 0:00:15]} Nf6 {[%emt 0:04:35]} 19. Bc2 {[%emt 0:00:39]} Bc8 {[%emt 0:03:08]} 20. Nd3 {[%emt 0:02:34]} Qe7 {[%emt 0:00:48]} 21. f3 {[%emt 0:01:44]} h5 {[%emt 0:07:05]} 22. Nf1 {[%emt 0:01:58]} Bh6 {[%emt 0:01:50]} 23. Nf2 {[%emt 0:01:20]} Bd7 {[%emt 0:02:51]} 24. Nd3 {[%emt 0:01:12]} Kf8 {[%emt 0:00:28]} 25. Nd2 {[%emt 0:02:35]} Kg7 {[%emt 0:02:10]} 26. Rdf1 {[%emt 0:00:20]} Rae8 {[%emt 0:01:35]} 27. Re1 {[%emt 0:01:09]} Kg8 {[%emt 0:02:56]} 28. Rhf1 {[%emt 0:01:16]} Rh7 {[%emt 0:03:39]} 29. Rh1 {[%emt 0:00:57]} Qf8 {[%emt 0:02:11]} 30. Rhf1 {[%emt 0:01:14]} Qe7 {[%emt 0:00:36]} 31. Rh1 {[%emt 0:00:06]} Bg7 {[%emt 0:01:13]} 32. Nf2 {[%emt 0:00:48]} Bh6 {[%emt 0:01:40]} 1/2-1/2

[Event "Budapest Spring Festival 2019"]
[Site "Budapest"]
[Date "2019.04.12"]
[Round "4.17"]
[White "Shyam, Sundar M."]
[Black "Krstulovic, Alex"]
[Result "1-0"]
[WhiteElo "2519"]
[BlackElo "2345"]
[Annotator "ChessBase"]
[PlyCount "69"]
[EventDate "2019.04.09"]
[EventType "swiss"]
[EventCountry "HUN"]
[SourceTitle "playchess.com"]
[Source "ChessBase"]
[SourceQuality "1"]
[TimeControl "40/5400+30:1800+30"]

1. e4 {[%emt 0:00:23]} e5 {[%emt 0:00:11]} 2. Nf3 {[%emt 0:00:07]} Nc6 {[%emt 0:00:06]} 3. Bb5 {[%emt 0:00:20]} a6 {[%emt 0:00:06]} 4. Ba4 {[%emt 0:00:03]} Nf6 {[%emt 0:00:25]} 5. O-O {[%emt 0:00:11]} d6 {[%emt 0:00:13]} 6. d4 {[%emt 0:01:18]} Bd7 {[%emt 0:00:35]} 7. Re1 {[%emt 0:07:49]} b5 {[%emt 0:08:06]} 8. dxe5 {[%emt 0:00:40]} Nxe5 {[%emt 0:04:54]} 9. Nxe5 {[%emt 0:09:19]} dxe5 {[%emt 0:02:29]} 10. Bb3 {[%emt 0:01:15]} Bg4 {[%emt 0:06:22]} 11. Qxd8+ {[%emt 0:00:55]} Rxd8 {[%emt 0:00:07]} 12. Bg5 {[%emt 0:09:53]} h6 {[%emt 0:12:59]} 13. Be3 {[%emt 0:12:59]} Bc8 {[%emt 0:06:10]} 14. f3 {[%emt 0:03:54]} Nd7 {[%emt 0:03:26]} 15. Rd1 {[%emt 0:03:47]} Bd6 {[%emt 0:02:37]} 16. Nc3 {[%emt 0:10:23]} Nc5 {[%emt 0:06:19]} 17. Bd5 {[%emt 0:00:06]} Bd7 {[%emt 0:01:39]} 18. Rd2 b4 {[%emt 0:07:39]} 19. Ne2 {[%emt 0:02:53]} Na4 {[%emt 0:01:46]} 20. b3 {[%emt 0:12:42]} Bc5 {[%emt 0:00:19]} 21. Bxc5 {[%emt 0:00:53]} Nxc5 {[%emt 0:00:08]} 22. c3 {[%emt 0:00:10]} bxc3 {[%emt 0:01:28]} 23. Nxc3 {[%emt 0:00:01]} c6 {[%emt 0:06:35]} 24. Bc4 {[%emt 0:00:46]} a5 {[%emt 0:01:18]} 25. Rc1 {[%emt 0:03:59]} Ke7 {[%emt 0:02:45]} 26. Nb1 {[%emt 0:00:57]} Bc8 {[%emt 0:02:06]} 27. Bf1 {[%emt 0:03:14]} Ne6 {[%emt 0:03:47]} 28. Rxc6 {[%emt 0:00:15]} Rxd2 {[%emt 0:00:13]} 29. Nxd2 {[%emt 0:00:01]} Bd7 {[%emt 0:00:54]} 30. Ra6 {[%emt 0:00:25]} a4 {[%emt 0:00:04]} 31. bxa4 {[%emt 0:00:55]} Rb8 {[%emt 0:00:44]} 32. Ra7 {[%emt 0:00:35]} Nd4 {[%emt 0:00:44]} 33. Nb3 {[%emt 0:08:47]} Kd6 {[%emt 0:01:14]} 34. Nxd4 {[%emt 0:00:32]} exd4 {[%emt 0:00:02]} 35. e5+ {[%emt 0:00:02]} 1-0

[Event "Budapest Spring Festival 2019"]
[Site "Budapest"]
[Date "2019.04.12"]
[Round "4.18"]
[White "Akesson, Ralf"]
[Black "Vetoshko, Volodymyr"]
[Result "1-0"]
[WhiteElo "2346"]
[BlackElo "2510"]
[Annotator "ChessBase"]
[PlyCount "83"]
[EventDate "2019.04.09"]
[EventType "swiss"]
[EventCountry "HUN"]
[SourceTitle "playchess.com"]
[Source "ChessBase"]
[SourceQuality "1"]
[TimeControl "40/5400+30:1800+30"]

1. Nf3 {[%emt 0:03:30]} Nf6 {[%emt 0:00:10]} 2. c4 {[%emt 0:00:20]} b6 {[%emt 0:00:09]} 3. g3 {[%emt 0:00:30]} Bb7 {[%emt 0:00:34]} 4. d4 {[%emt 0:00:55]} g6 {[%emt 0:02:09]} 5. Bg2 {[%emt 0:00:21]} Bg7 {[%emt 0:00:09]} 6. O-O {[%emt 0:00:21]} O-O {[%emt 0:00:16]} 7. d5 {[%emt 0:04:10]} Ne4 {[%emt 0:00:22]} 8. Nbd2 {[%emt 0:04:54]} Nd6 {[%emt 0:00:24]} 9. e4 {[%emt 0:01:12]} c6 {[%emt 0:02:18]} 10. Re1 {[%emt 0:07:02]} cxd5 {[%emt 0:06:30]} 11. cxd5 {[%emt 0:02:02]} Na6 {[%emt 0:00:52]} 12. e5 {[%emt 0:05:31]} Ne8 {[%emt 0:15:24]} 13. Ne4 {[%emt 0:02:32]} d6 {[%emt 0:03:03]} 14. Nc3 {[%emt 0:06:25]} Nc5 {[%emt 0:07:30]} 15. Bf4 {[%emt 0:03:47]} a6 {[%emt 0:22:09]} 16. Qd2 {[%emt 0:05:45]} dxe5 {[%emt 0:11:07]} 17. Nxe5 {[%emt 0:04:11]} Rc8 {[%emt 0:11:35]} 18. Rad1 {[%emt 0:04:05]} Bxe5 {[%emt 0:01:48]} 19. Bxe5 {[%emt 0:04:41]} Nd6 {[%emt 0:00:02]} 20. Qf4 {[%emt 0:07:04]} a5 {[%emt 0:03:26]} 21. h4 {[%emt 0:03:40]} Ba6 {[%emt 0:01:20]} 22. Bh3 {[%emt 0:07:09]} Ra8 {[%emt 0:04:32]} 23. Qh6 {[%emt 0:09:52]} f6 {[%emt 0:00:04]} 24. Be6+ {[%emt 0:01:03]} Kh8 {[%emt 0:02:53]} 25. Bd4 {[%emt 0:02:16]} Nxe6 {[%emt 0:01:34]} 26. Rxe6 {[%emt 0:01:31]} Nf5 {[%emt 0:01:10]} 27. Qf4 {[%emt 0:00:13]} Qb8 {[%emt 0:01:26]} 28. d6 {[%emt 0:00:35]} Nxd6 {[%emt 0:00:31]} 29. Rxe7 {[%emt 0:02:33]} Nf5 {[%emt 0:00:07]} 30. Rc7 {[%emt 0:00:20]} Qe8 {[%emt 0:00:54]} 31. Nd5 {[%emt 0:02:22]} Qe6 {[%emt 0:00:15]} 32. Nxf6 {[%emt 0:02:02]} Rxf6 {[%emt 0:00:03]} 33. Bc3 {[%emt 0:00:18]} Kg8 {[%emt 0:00:36]} 34. g4 {[%emt 0:01:04]} Rf7 {[%emt 0:01:06]} 35. gxf5 {[%emt 0:00:28]} Qxf5 {[%emt 0:00:14]} 36. Rxf7 {[%emt 0:00:32]} Qxf7 {[%emt 0:00:44]} 37. Qe5 {[%emt 0:00:06]} Kf8 {[%emt 0:00:31]} 38. Re1 {[%emt 0:02:34]} Bb7 {[%emt 0:00:29]} 39. Qh8+ {[%emt 0:00:57]} Qg8 {[%emt 0:00:02]} 40. Qf6+ {[%emt 0:00:00]} Qf7 {[%emt 0:00:00]} 41. Qd6+ {[%emt 0:02:15]} Kg8 {[%emt 0:00:03]} 42. Re7 {[%emt 0:00:23]} 1-0

[Event "Budapest Spring Festival 2019"]
[Site "Budapest"]
[Date "2019.04.12"]
[Round "4.19"]
[White "Saravanan, V.."]
[Black "Kosic, Dragan"]
[Result "1/2-1/2"]
[WhiteElo "2335"]
[BlackElo "2508"]
[Annotator "ChessBase"]
[PlyCount "51"]
[EventDate "2019.04.09"]
[EventType "swiss"]
[EventCountry "HUN"]
[SourceTitle "playchess.com"]
[Source "ChessBase"]
[SourceQuality "1"]
[TimeControl "40/5400+30:1800+30"]

1. Nf3 {[%emt 0:00:04]} Nf6 {[%emt 0:00:10]} 2. c4 {[%emt 0:00:05]} c5 {[%emt 0:00:14]} 3. Nc3 {[%emt 0:00:06]} Nc6 {[%emt 0:00:09]} 4. g3 {[%emt 0:00:08]} d5 {[%emt 0:00:44]} 5. d4 {[%emt 0:00:11]} cxd4 {[%emt 0:03:08]} 6. Nxd4 {[%emt 0:00:07]} dxc4 {[%emt 0:01:03]} 7. Nxc6 {[%emt 0:00:07]} Qxd1+ {[%emt 0:00:05]} 8. Nxd1 {[%emt 0:00:07]} bxc6 {[%emt 0:00:03]} 9. Bg2 {[%emt 0:01:06]} Nd5 {[%emt 0:07:01]} 10. Ne3 {[%emt 0:00:11]} Ba6 {[%emt 0:04:56]} 11. Nxd5 {[%emt 0:15:22]} cxd5 {[%emt 0:01:36]} 12. Bxd5 {[%emt 0:00:06]} Rc8 {[%emt 0:00:07]} 13. Bd2 {[%emt 0:15:32]} e6 {[%emt 0:01:53]} 14. Bf3 {[%emt 0:01:14]} Be7 {[%emt 0:06:53]} 15. Bc3 {[%emt 0:16:54]} O-O {[%emt 0:00:51]} 16. O-O-O {[%emt 0:00:22]} Bb5 {[%emt 0:01:19]} 17. h4 {[%emt 0:08:30]} Ba4 {[%emt 0:07:32]} 18. Rd2 {[%emt 0:00:12]} Rfd8 {[%emt 0:00:55]} 19. Rxd8+ {[%emt 0:01:35]} Rxd8 {[%emt 0:03:53]} 20. Be4 {[%emt 0:00:10]} f5 {[%emt 0:05:38]} 21. Bc2 {[%emt 0:00:09]} Bc6 {[%emt 0:00:07]} 22. Rd1 {[%emt 0:00:25]} Rxd1+ {[%emt 0:00:24]} 23. Kxd1 {[%emt 0:08:19]} Kf7 {[%emt 0:06:58]} 24. e3 {[%emt 0:06:32]} a6 {[%emt 0:01:57]} 25. Kd2 {[%emt 0:00:42]} Bd8 {[%emt 0:00:49]} 26. Bd1 {[%emt 0:06:52]} 1/2-1/2

[Event "Budapest Spring Festival 2019"]
[Site "Budapest"]
[Date "2019.04.12"]
[Round "4.20"]
[White "Galyas, Miklos"]
[Black "Daggupati, Balaji"]
[Result "1/2-1/2"]
[WhiteElo "2490"]
[BlackElo "2326"]
[Annotator "ChessBase"]
[PlyCount "117"]
[EventDate "2019.04.09"]
[EventType "swiss"]
[EventCountry "HUN"]
[SourceTitle "playchess.com"]
[Source "ChessBase"]
[SourceQuality "1"]
[TimeControl "40/5400+30:1800+30"]

1. c4 {[%emt 0:00:03]} e5 {[%emt 0:00:06]} 2. g3 {[%emt 0:00:17]} Nf6 {[%emt 0:00:07]} 3. Bg2 {[%emt 0:00:09]} Nc6 {[%emt 0:00:06]} 4. Nc3 {[%emt 0:00:39]} Bc5 {[%emt 0:00:08]} 5. Nf3 {[%emt 0:01:01]} d6 {[%emt 0:00:55]} 6. O-O {[%emt 0:00:09]} Bf5 {[%emt 0:00:12]} 7. d3 {[%emt 0:00:18]} h6 {[%emt 0:00:37]} 8. a3 {[%emt 0:00:45]} a6 {[%emt 0:00:28]} 9. b4 {[%emt 0:00:58]} Ba7 {[%emt 0:01:23]} 10. Bb2 {[%emt 0:00:39]} O-O {[%emt 0:00:14]} 11. Nh4 {[%emt 0:01:39]} Be6 {[%emt 0:07:16]} 12. Nd5 {[%emt 0:02:37]} g5 {[%emt 0:04:09]} 13. Nxf6+ {[%emt 0:00:31]} Qxf6 {[%emt 0:00:09]} 14. Nf3 {[%emt 0:00:08]} Qe7 {[%emt 0:06:59]} 15. Rc1 {[%emt 0:02:17]} f5 {[%emt 0:01:44]} 16. d4 {[%emt 0:07:47]} exd4 {[%emt 0:18:15]} 17. Nxd4 {[%emt 0:12:28]} Nxd4 {[%emt 0:00:18]} 18. Bxd4 {[%emt 0:00:08]} c5 {[%emt 0:02:41]} 19. bxc5 {[%emt 0:07:07]} Bxc5 {[%emt 0:01:08]} 20. Rb1 {[%emt 0:01:06]} Rab8 {[%emt 0:03:05]} 21. Bxc5 {[%emt 0:08:01]} dxc5 {[%emt 0:00:07]} 22. Rb6 {[%emt 0:01:17]} Bxc4 {[%emt 0:09:04]} 23. Rxh6 {[%emt 0:04:12]} Kg7 {[%emt 0:01:24]} 24. Rb6 {[%emt 0:02:37]} Rf6 {[%emt 0:02:49]} 25. Rxf6 {[%emt 0:04:29]} Kxf6 {[%emt 0:01:22]} 26. Qc1 {[%emt 0:01:29]} b5 {[%emt 0:01:01]} 27. Re1 {[%emt 0:03:15]} Re8 {[%emt 0:02:19]} 28. h4 {[%emt 0:13:10]} Kg6 {[%emt 0:03:08]} 29. e4 {[%emt 0:02:01]} f4 {[%emt 0:00:22]} 30. gxf4 {[%emt 0:06:45]} gxh4 {[%emt 0:00:33]} 31. f5+ {[%emt 0:00:40]} Kh7 {[%emt 0:01:42]} 32. Qf4 {[%emt 0:01:18]} Qf6 {[%emt 0:04:02]} 33. e5 {[%emt 0:01:57]} Qh6 {[%emt 0:00:06]} 34. Qxh6+ {[%emt 0:01:19]} Kxh6 {[%emt 0:00:06]} 35. Bc6 {[%emt 0:01:21]} Re7 {[%emt 0:04:46]} 36. f4 {[%emt 0:02:24]} Rc7 {[%emt 0:00:33]} 37. Be4 {[%emt 0:01:53]} Rg7+ {[%emt 0:04:50]} 38. Kf2 {[%emt 0:04:34]} Rg4 {[%emt 0:00:06]} 39. Rh1 {[%emt 0:03:47]} Rxf4+ {[%emt 0:01:00]} 40. Ke3 {[%emt 0:00:00]} Rg4 {[%emt 0:00:00]} 41. Bf3 {[%emt 0:08:23]} Rd4 {[%emt 0:06:30]} 42. Be4 {[%emt 0:07:30]} Bd5 {[%emt 0:00:22]} 43. Rxh4+ {[%emt 0:05:22]} Kg5 {[%emt 0:00:08]} 44. Rf4 {[%emt 0:03:22]} Rd1 {[%emt 0:05:26]} 45. Bxd5 {[%emt 0:01:17]} Re1+ {[%emt 0:01:30]} 46. Kf3 {[%emt 0:02:17]} Rf1+ {[%emt 0:00:08]} 47. Kg3 {[%emt 0:00:43]} Rxf4 {[%emt 0:00:06]} 48. f6 {[%emt 0:00:05]} Rg4+ {[%emt 0:03:21]} 49. Kf3 {[%emt 0:00:32]} Rf4+ {[%emt 0:02:10]} 50. Kg3 {[%emt 0:00:14]} c4 {[%emt 0:05:31]} 51. e6 {[%emt 0:01:34]} Rg4+ {[%emt 0:00:17]} 52. Kf3 {[%emt 0:00:52]} Kxf6 {[%emt 0:00:08]} 53. Kxg4 {[%emt 0:00:04]} c3 {[%emt 0:00:04]} 54. Bb3 {[%emt 0:00:31]} a5 {[%emt 0:00:13]} 55. a4 {[%emt 0:01:44]} bxa4 {[%emt 0:00:05]} 56. Bxa4 {[%emt 0:00:03]} Kxe6 {[%emt 0:00:06]} 57. Kf3 {[%emt 0:00:15]} Kd5 {[%emt 0:00:04]} 58. Ke2 {[%emt 0:00:04]} Kc4 {[%emt 0:00:04]} 59. Kd1 {[%emt 0:00:14]} 1/2-1/2

[Event "Budapest Spring Festival 2019"]
[Site "Budapest"]
[Date "2019.04.12"]
[Round "4.21"]
[White "Lizak, Peter"]
[Black "Kulkarni, Rakesh"]
[Result "1/2-1/2"]
[WhiteElo "2472"]
[BlackElo "2334"]
[Annotator "ChessBase"]
[PlyCount "41"]
[EventDate "2019.04.09"]
[EventType "swiss"]
[EventCountry "HUN"]
[SourceTitle "playchess.com"]
[Source "ChessBase"]
[SourceQuality "1"]
[TimeControl "40/5400+30:1800+30"]

1. d4 {[%emt 0:00:04]} Nf6 {[%emt 0:07:37]} 2. Nf3 {[%emt 0:00:08]} e6 {[%emt 0:00:38]} 3. Bf4 {[%emt 0:00:17]} c5 {[%emt 0:00:21]} 4. e3 {[%emt 0:00:07]} Nc6 {[%emt 0:00:32]} 5. Nbd2 {[%emt 0:02:22]} d5 {[%emt 0:01:13]} 6. c3 {[%emt 0:00:14]} Bd6 {[%emt 0:01:30]} 7. Bg3 {[%emt 0:00:35]} O-O {[%emt 0:00:32]} 8. Bd3 {[%emt 0:00:11]} Qe7 {[%emt 0:01:32]} 9. Ne5 {[%emt 0:01:13]} Nd7 {[%emt 0:02:53]} 10. Nxd7 {[%emt 0:01:33]} Qxd7 {[%emt 0:00:14]} 11. Bxd6 {[%emt 0:01:13]} Qxd6 {[%emt 0:00:06]} 12. dxc5 {[%emt 0:00:28]} Qxc5 {[%emt 0:00:22]} 13. Bxh7+ {[%emt 0:04:40]} Kxh7 {[%emt 0:00:22]} 14. Qh5+ {[%emt 0:00:08]} Kg8 {[%emt 0:00:06]} 15. Ne4 {[%emt 0:00:07]} g6 {[%emt 0:00:16]} 16. Qg5 {[%emt 0:05:24]} Qe7 {[%emt 0:00:08]} 17. Nf6+ {[%emt 0:00:11]} Kg7 {[%emt 0:00:13]} 18. Nh5+ {[%emt 0:00:08]} Kh7 {[%emt 0:00:06]} 19. Nf6+ {[%emt 0:00:12]} Kg7 {[%emt 0:00:04]} 20. Nh5+ {[%emt 0:00:06]} Kh7 {[%emt 0:00:04]} 21. Nf6+ 1/2-1/2

[Event "Budapest Spring Festival 2019"]
[Site "Budapest"]
[Date "2019.04.12"]
[Round "4.22"]
[White "Henderson de La Fuente, Lance"]
[Black "Stocko, Josip"]
[Result "1-0"]
[WhiteElo "2471"]
[BlackElo "2317"]
[Annotator "ChessBase"]
[PlyCount "41"]
[EventDate "2019.04.09"]
[EventType "swiss"]
[EventCountry "HUN"]
[SourceTitle "playchess.com"]
[Source "ChessBase"]
[SourceQuality "1"]
[TimeControl "40/5400+30:1800+30"]

1. e4 {[%emt 0:00:06]} c5 {[%emt 0:00:06]} 2. Nf3 {[%emt 0:00:08]} d6 {[%emt 0:00:09]} 3. d4 {[%emt 0:00:33]} cxd4 {[%emt 0:00:07]} 4. Nxd4 {[%emt 0:00:06]} Nf6 {[%emt 0:00:07]} 5. Nc3 {[%emt 0:00:05]} a6 {[%emt 0:00:06]} 6. Bg5 {[%emt 0:00:15]} e6 {[%emt 0:00:34]} 7. f4 {[%emt 0:00:28]} h6 {[%emt 0:00:29]} 8. Bh4 {[%emt 0:00:32]} Qb6 {[%emt 0:01:30]} 9. a3 {[%emt 0:00:54]} Be7 {[%emt 0:01:09]} 10. Bf2 {[%emt 0:00:25]} Qc7 {[%emt 0:00:08]} 11. Qf3 {[%emt 0:00:38]} Nbd7 {[%emt 0:00:50]} 12. O-O-O {[%emt 0:00:32]} g5 {[%emt 0:05:34]} 13. g3 {[%emt 0:04:05]} b5 {[%emt 0:05:39]} 14. Bg2 {[%emt 0:05:38]} Bb7 {[%emt 0:01:39]} 15. Rhe1 {[%emt 0:02:12]} Rg8 {[%emt 0:14:39]} 16. Bh1 {[%emt 0:02:19]} Nc5 {[%emt 0:13:34]} 17. Qe2 {[%emt 0:04:24]} Nfd7 {[%emt 0:17:41]} 18. Nd5 {[%emt 0:07:08]} Qd8 {[%emt 0:14:24]} 19. e5 {[%emt 0:14:09]} Bxd5 {[%emt 0:10:24]} 20. Bxd5 {[%emt 0:00:42]} exd5 {[%emt 0:01:43]} 21. Nc6 {[%emt 0:03:35]} 1-0